00678 a2200193 4500010001400000020001000014035001300024037001800037082001100055090001500066100002400081245007200105260003900177270007000216300002400286942002600310999001500336952013300351 aENG-85471 c80.00 aEN-69004 bD.B.Act / Pub14a230.31 c2782d2782 aBasu, Parimal Kanti1 aIn quest of godcby Parimal Kanti Basubthe creator of the Universe aKolkattabParimal Kanti Basuc2004 aChanditala, Masunda, New BarrackpurbKolkattae700 131k2537 0334 a144 p.c22 cm (Hb.) adplcENk230.31 / BAS c2729d2729 00102ddc40718NFICaDBADbDBADeDBAD/PUBg80.00l0o230.31 BASpEN-69004r2008-09-15 00:00:00t1u2919v80.00w2008-09-15yEN